[Event "FRA-chT4 0102"]
[Site "Champagne Ardenne"]
[Date "2001.11.18"]
[Round "2"]
[White "Langlois, Teddy"]
[Black "Durant, Christophe"]
[Result "1/2-1/2"]
[WhiteElo "1790"]
[BlackElo "1860"]
[PlyCount "56"]
[EventDate "2002.10.??"]
[EventType "team"]
[EventRounds "7"]
[EventCountry "FRA"]
[SourceTitle "EXT 2005"]
[Source "ChessBase"]
[SourceDate "2004.11.15"]
[SourceVersion "1"]
[SourceVersionDate "2004.11.15"]
[SourceQuality "1"]

1. e4 d6 2. d4 Nf6 3. Nc3 g6 4. f4 Bg7 5. h3 c6 6. Bd3 Qb6 7. Nf3 Na6 8. Qe2 Nh5 9. Qf2 Nb4 10. g4 Nxd3+ 11. cxd3 Nf6 12. Be3 Qa6 13. e5 dxe5 14. dxe5 Nd5 15. Nxd5 cxd5 16. 0-0 Qxd3 17. Rfd1 Qb5 18. Bxa7 h5 19. Bc5 hxg4 20. hxg4 Bxg4 21. Rxd5 Be6 22. Rd2 Bg4 23. Be3 Qc6 24. Nh2 Be6 25. Rad1 Bg4 26. Ra1 Be6 27. Rad1 Bg4 28. Ra1 Bf5 1/2-1/2